000 00469nam a2200193Ia 4500
003 0100
008 130303s9999 xx 000 0 und d
040 _cARRUPELIB
050 _aP106.H4 1970
100 _aHerriot, Peter
245 3 _aAn introduction to the psychology of language
260 _aLondon
260 _bMethuen and Company Limited
260 _C1970
300 _a197p.
300 _b 23cm.
650 _bJones, David Michael
942 _2lcc
_01
999 _c66154
_d66154